书目信息 |
| 题名: |
人类简史
|
|
| 作者: | 房龙 著 ;沈性仁 译 | |
| 分册: | ||
| 出版信息: | 沈阳 万卷出版公司 2018 |
|
| 页数: | 384页 | |
| 开本: | 21cm | |
| 丛书名: | 奥森文库 | |
| 单 册: | ||
| 中图分类: | K02-49 | |
| 科图分类: | ||
| 主题词: | 社会发展史--通俗读物 | |
| 电子资源: | ||
| ISBN: | 978-7-5470-4852-8 | |
| 000 | 01182oam2 2200277 450 | |
| 001 | 012001003674 | |
| 005 | 20140926114739.0 | |
| 010 | @a978-7-5470-4852-8@b精装@dCNY68.00 | |
| 100 | @a20180714d2018 em y0chiy50 ea | |
| 101 | 1 | @achi@ceng |
| 102 | @aCN@b210000 | |
| 105 | @ay z 000yy | |
| 106 | @ar | |
| 200 | 1 | @a人类简史@9ren lei jian shi@dThe story of mankind@f(美)亨德里克·威廉·房龙著@g沈性仁译@zeng |
| 210 | @a沈阳@c万卷出版公司@d2018 | |
| 215 | @a384页@d21cm | |
| 225 | 1 | @a奥森文库 |
| 330 | @a本书几乎覆盖了从远古到近现代,从西方到东方所有重要的历史大事件。例如象形文字的发现、埃及和美索不达米亚文明的源起、希腊与罗马时代的辉煌、宗教改革之后中世纪社会的发展和演变,以及世界性的变革和各国的革命等。除了提纲挈领地展现历史大脉络,房龙还将历史与现代做对比,把那些伟大的时刻轻松幽默地呈现出来,处处闪现着智慧的哲学思辨。 | |
| 461 | 0 | @12001 @a奥森文库 |
| 510 | 1 | @aStory of mankind@zeng |
| 606 | 0 | @a社会发展史@j通俗读物 |
| 690 | @aK02-49@v5 | |
| 701 | 0 | @c(美)@a房龙@9fang long@c(Van Loon, Hendrik Willem@f1882-1944)@4著 |
| 702 | 0 | @a沈性仁@9shen xing ren@c(女,@f1895-1943)@4译 |
| 801 | 0 | @aCN@b上海新华@c20180901 |
| 905 | @b1154698-702@dK02-49@e139@f5 | |
| 人类简史=The story of mankind/(美)亨德里克·威廉·房龙著/沈性仁译.-沈阳:万卷出版公司,2018 |
| 384页;21cm.-(奥森文库) |
| ISBN 978-7-5470-4852-8(精装):CNY68.00 |
| 本书几乎覆盖了从远古到近现代,从西方到东方所有重要的历史大事件。例如象形文字的发现、埃及和美索不达米亚文明的源起、希腊与罗马时代的辉煌、宗教改革之后中世纪社会的发展和演变,以及世界性的变革和各国的革命等。除了提纲挈领地展现历史大脉络,房龙还将历史与现代做对比,把那些伟大的时刻轻松幽默地呈现出来,处处闪现着智慧的哲学思辨。 |
| ● |
| 相关链接 |
|
|
|
|
正题名:人类简史
索取号:K02-49/139
 
预约/预借
| 序号 | 登录号 | 条形码 | 馆藏地/架位号 | 状态 | 备注 |
| 1 | 1154698 | 211546987 | 第二样本阅览室/ [索取号:K02-49/139] | 在馆 | |
| 2 | 1154699 | 211546996 | 第二借阅区/ [索取号:K02-49/139] | 在馆 | |
| 3 | 1154700 | 211547003 | 密集书库-史法系/ [索取号:K02-49/139] | 在馆 | |
| 4 | 1154701 | 211547012 | 第二借阅区/ [索取号:K02-49/139] | 在馆 | |
| 5 | 1154702 | 211547021 | 第二借阅区/ [索取号:K02-49/139] | 在馆 |